| 000 | 00506nam a22002057a 4500 | ||
|---|---|---|---|
| 999 |
_c7470 _d7470 |
||
| 001 | 7470 | ||
| 003 | BD-JhCC | ||
| 005 | 20200328134008.0 | ||
| 008 | 180210s1976 ii |||| |||| 00| 0 eng d | ||
| 035 | _a(BD-JhCC)7470 | ||
| 040 |
_aBD-JhCC _dBD-JhCC |
||
| 041 | _aeng | ||
| 082 |
_a813.54 _bHAI 1976 |
||
| 100 | _aHailey, Arthur | ||
| 245 |
_aThe Moneychangers / _cArthur Hailey |
||
| 260 |
_aIndia : _bMacmillan, _c1976. |
||
| 300 |
_a475 p. : _c18 cm. |
||
| 650 | _aSuspense Fiction | ||
| 942 |
_2ddc _cBK _02 |
||